Stav MSP a regionálna politika

Guardado en:
Detalles Bibliográficos
Autor principal: Gašparíková, Jana
Formato: Libro
Lenguaje:eslovaco
Publicado: Bratislava Prognostický ústav SAV 2003
Colección:Pracovné materiály č. 4
Materias:
Etiquetas: Agregar Etiqueta
Sin Etiquetas, Sea el primero en etiquetar este registro!

MARC

LEADER 00000nam$a2200000$$$4500
001 0022116
005 20240313135425.3
022 |a 0862-9137 
041 0 |a slo 
044 |a SK 
245 1 0 |a Stav MSP a regionálna politika  |c Jana Gašparíková 
264 1 |a Bratislava  |b Prognostický ústav SAV  |c 2003 
300 |a 27 s. 
490 1 |a Pracovné materiály  |v č. 4 
830 0 |a Pracovné materiály  |v č. 4 
610 2 0 |a politika regionálna 
610 2 0 |a podnikanie malé 
610 2 0 |a podnikanie stredné 
610 2 0 |a podpora podnikania 
610 2 0 |a prostredie podnikateľské 
610 2 0 |a regióny 
610 2 0 |a odvetvia činnosti ekonomickej 
610 2 0 |a Slovensko 
610 2 0 |a 2000-2003 
100 1 |a Gašparíková, Jana